Không gian s-đóng

Không gian s-đóng (Không gian topo, tập nửa mở, tập nửa đóng, nửa phần trong, bao nửa đóng, tập mở chính quy)

में बचाया:
ग्रंथसूची विवरण
मुख्य लेखक: Huỳnh, Thị Phấn
अन्य लेखक: Lương Quốc Tuyển ThS (Hướng dẫn)
स्वरूप: पुस्तक
भाषा:Vietnamese
प्रकाशित: Đại học Đà Nẵng Trường Đại học Sư Phạm 2011
श्रृंखला:Khóa luận tốt nghiệp Đại học. Chuyên ngành: Cử nhân toán
विषय:
टैग : टैग जोड़ें
कोई टैग नहीं, इस रिकॉर्ड को टैग करने वाले पहले व्यक्ति बनें!
Thư viện lưu trữ: Mạng thư viện Đại học Đà Nẵng
LEADER 01446nam a2200361 4500
001 000011482
003 7730
005 20120206090220.0
008 120206s2011 viesd
041 |a vie 
072 |a Khóa luận tốt nghiệp 
082 |a 514.3  |b HU-P 
100 |a Huỳnh, Thị Phấn 
245 |a Không gian s-đóng  |c Huỳnh, Thị Phấn 
260 |a Đại học Đà Nẵng  |b Trường Đại học Sư Phạm  |c 2011 
300 |a 37 tr.  |b Tóm tăt, Phụ lục  |c 29 cm 
490 |a Khóa luận tốt nghiệp Đại học. Chuyên ngành: Cử nhân toán 
500 |a Tham khảo Phụ lục, trang 37 
520 |a Không gian s-đóng (Không gian topo, tập nửa mở, tập nửa đóng, nửa phần trong, bao nửa đóng, tập mở chính quy) 
653 |a không gian s-đóng 
653 |a Khóa luận tốt nghiệp Đại học 
653 |a Khoa Toán 
700 |a Lương Quốc Tuyển  |c ThS  |e Hướng dẫn 
OWN |a LSP 
AVA |a UDN50  |b LSP  |d 514.3 HU-P  |e available  |t Error 5001 Not defined in file expand_doc_bib_avail.  |f 1  |g 0  |h N  |i 0  |k 1 
999 |a From the UDN01 
AVA |a UDN50  |b LSP  |d 514.3 HU-P  |e available  |t Error 5001 Not defined in file expand_doc_bib_avail.  |f 1  |g 0  |h N  |i 0  |k 1 
TYP |a Monograph 
TYP |a Printed language 
980 |a Mạng thư viện Đại học Đà Nẵng